André Siegfried et la question raciale (notice n° 1605941)
[ vue normale ]
| 000 -LEADER | |
|---|---|
| fixed length control field | 00494cam a2200145 4500500 |
| 005 - DATE AND TIME OF LATEST TRANSACTION | |
| control field | 20251228095241.0 |
| 041 ## - LANGUAGE CODE | |
| Language code of text/sound track or separate title | fre |
| 042 ## - AUTHENTICATION CODE | |
| Authentication code | dc |
| 100 10 - MAIN ENTRY--PERSONAL NAME | |
| Personal name | Reynaud-Paligot, Carole |
| Relator term | author |
| 245 00 - TITLE STATEMENT | |
| Title | André Siegfried et la question raciale |
| 260 ## - PUBLICATION, DISTRIBUTION, ETC. | |
| Date of publication, distribution, etc. | 2005.<br/> |
| 500 ## - GENERAL NOTE | |
| General note | 1 |
| 786 0# - DATA SOURCE ENTRY | |
| Note | Sociétés & Représentations | 20 | 2 | 2005-09-01 | p. 268-285 | 1262-2966 |
| 856 41 - ELECTRONIC LOCATION AND ACCESS | |
| Uniform Resource Identifier | <a href="https://shs.cairn.info/revue-societes-et-representations-2005-2-page-268?lang=fr&redirect-ssocas=7080">https://shs.cairn.info/revue-societes-et-representations-2005-2-page-268?lang=fr&redirect-ssocas=7080</a> |
Pas d'exemplaire disponible.




Réseaux sociaux